000 00614nam a2200229 i 4500
001 C2-0085295
003 PPAK
005 20180727090431.0
008 970429s1983 nyua|||| ||||| | eng d
020 _a0394528832
040 _aPPAK
_beng
_cPPAK
_erda
082 0 4 _a031
_223
090 0 0 _a031
_bRAN
_dR
245 0 4 _aThe random house encylopedia
264 1 _aNew York :
_bRandom House ,
_c1983.
300 _a2918 pages :
_billustrations ;
_c29 cm
336 _2rdacontent
_atext
337 _2rdamedia
_aunmediated
338 _2rdacarrier
_avolume
700 1 _aMitchell, James,
_eeditor
942 _ddc
_cB
999 _c17023
_d17023